Présidentielle 1988 - Statistiques

Statistiques générales
  • Ce quiz a été pris 60 fois
  • Le résultat moyen est 5 sur 9
Statistiques - réponses
# Candidat(e) Score % Correct
2 Jacques Chirac 19,96 % 45,98 %
100%
1 François Mitterrand 34,11 % 54,02 %
98%
4 Jean-Marie Le Pen 14,38 %
82%
8 Arlette Laguiller 1,99 %
70%
3 Raymond Barre 16,54 %
51%
6 Antoine Waechter 3,78 %
32%
5 André Lajoinie 6,76 %
28%
7 Pierre Juquin 2,10 %
18%
9 Pierre Boussel 0,38 %
9%
Aucun quiz correspondant
Distribution des résultats
% des personnes avec chaque résultat
Percentile par nombre de réponses
Votre historique - résultats
Vous n’avez pas pris ce quiz